| 000 | 00632nam a22002057a 4500 | ||
|---|---|---|---|
| 005 | 20251108173420.0 | ||
| 008 | 250721s2005 xx 000 0 ara d | ||
| 020 | _a9953631646 | ||
| 082 | 1 | 4 | _aط/372.21/جزر |
| 100 | 1 |
_aروجر، تري _eرسام |
|
| 245 | 1 | 0 | _aالجزرة العنيدة / |
| 264 | 1 |
_aبيروت : _bدار العلم للملايين، _c2005. |
|
| 490 | 0 | _aنادي القراء | |
| 650 | 1 | 7 | _aالتعليم الإبتدائي |
| 650 | 1 | 7 | _aالقراءة |
| 650 | 1 | 7 | _aالأطفال |
| 653 | _aأطفال ما قبل المدرسة (0-5) سنوات | ||
| 942 |
_2ddc _cBK |
||
| 999 |
_c103361 _d103361 |
||